00384nam a2200157Ia 450000500170000000800410001702000180005805000250007610000190010124500340012026000300015430000210018444000060020552100070021152600080021820140402143735.0140130s9999 xx 000 0 und d a9780439405621 aPZ 7 b.L345g6 2004 aLasky, Kathryn cKathryn Lasky.aThe burning / bScholastic,c2004.aUSA : a210 p. :c19 cm. v1 aG6 c800